000
00283nam a2200109Ia 4500
008
200302s9999 xx 000 0 und d
100
_a
Nan Ellin
245
_a
Good urbanism six steps to creating prosperous places
260
_b
Island Press Publishing
260
_c
2013
300
_a
164
999
_c
5914
_d
5914